[Event "Creon op 12th"]
[Site "Creon"]
[Date "2007.08.02"]
[Round "6"]
[White "Karpatchev, Aleksandr"]
[Black "Parmentier, Xavier"]
[Result "1-0"]
[WhiteElo "2466"]
[BlackElo "2303"]
[PlyCount "55"]
[EventDate "2007.07.30"]
[EventType "swiss"]
[EventRounds "9"]
[EventCountry "FRA"]
[SourceTitle "CBM 119 Extra"]
[Source "ChessBase"]
[SourceDate "2007.09.04"]
[SourceVersion "1"]
[SourceVersionDate "2007.09.04"]
[SourceQuality "1"]

1. e4 c5 2. c3 Nf6 3. e5 Nd5 4. Nf3 Nc6 5. Bc4 Nb6 6. Bb3 g6 7. d4 cxd4 8. Ng5 d5 9. exd6 e6 10. Qf3 f6 11. Nxe6 Bxe6 12. Bxe6 Bxd6 13. Qh3 f5 14. 0-0 Qf6 15. Re1 Be5 16. cxd4 Nxd4 17. Bb3 Nxb3 18. Qxb3 0-0-0 19. Nd2 Bc7 20. Nf3 f4 21. Bd2 Nd5 22. Rac1 Kb8 23. Rc5 Qd6 24. Rb5 Nb6 25. Rbe5 Rhf8 26. Bb4 Qd7 27. Bxf8 Bxe5 28. Nxe5 1-0

[Event "Paris Multicoms-B"]
[Site "Paris"]
[Date "2006.12.18"]
[Round "6"]
[White "Karim, Ismael"]
[Black "Parmentier, Xavier"]
[Result "1-0"]
[WhiteElo "2288"]
[BlackElo "2284"]
[PlyCount "69"]
[EventDate "2006.12.13"]
[EventType "tourn"]
[EventRounds "9"]
[EventCountry "FRA"]
[EventCategory "4"]
[SourceTitle "CBM 115 Extra"]
[Source "ChessBase"]
[SourceDate "2007.01.10"]
[SourceVersion "1"]
[SourceVersionDate "2007.01.10"]
[SourceQuality "1"]

1. e4 e5 2. Nf3 Nc6 3. Bb5 a6 4. Ba4 d6 5. 0-0 Bg4 6. c3 Qf6 7. d3 Nge7 8. Nbd2 Ng6 9. Bxc6+ bxc6 10. Qa4 Bd7 11. Nc4 Qd8 12. d4 f6 13. h4 h5 14. Ne3 Qc8 15. g3 Kf7 16. dxe5 c5 17. e6+ Bxe6 18. Nh2 Qe8 19. Qc2 Ne7 20. f4 Kg8 21. Bd2 Qc6 22. c4 Qb7 23. Bc3 Re8 24. Rae1 Nc6 25. Nd5 Rh6 26. f5 Bf7 27. Nf3 Rh8 28. Bxf6 Bxd5 29. exd5 Nb4 30. Qd2 Rxe1 31. Qxe1 gxf6 32. Qe6+ Kg7 33. Ng5 c6 34. Qe8 Rg8 35. Qg6+ 1-0

[Event "Paris Multicoms-B"]
[Site "Paris"]
[Date "2006.12.13"]
[Round "1"]
[White "Colson, Arnaud"]
[Black "Parmentier, Xavier"]
[Result "0-1"]
[WhiteElo "2208"]
[BlackElo "2284"]
[PlyCount "78"]
[EventDate "2006.12.13"]
[EventType "tourn"]
[EventRounds "9"]
[EventCountry "FRA"]
[EventCategory "4"]
[SourceTitle "CBM 115 Extra"]
[Source "ChessBase"]
[SourceDate "2007.01.10"]
[SourceVersion "1"]
[SourceVersionDate "2007.01.10"]
[SourceQuality "1"]

1. d4 Nf6 2. c4 g6 3. Nc3 Bg7 4. e4 d6 5. f4 c5 6. d5 0-0 7. Nf3 e6 8. Be2 exd5 9. cxd5 Bg4 10. 0-0 Nbd7 11. Re1 Re8 12. h3 Bxf3 13. Bxf3 Qa5 14. Be3 b5 15. a3 Nb6 16. e5 Nfd7 17. e6 Nc4 18. Bd2 Ndb6 19. b4 cxb4 20. exf7+ Kxf7 21. Ne4 Rxe4 22. Bxb4 Rxe1+ 23. Qxe1 Re8 24. Qxe8+ Kxe8 25. Re1+ Kf8 26. Bxa5 Nxa5 27. Rc1 Nac4 28. Be2 Bb2 29. Rb1 a6 30. g4 Bxa3 31. f5 Bc5+ 32. Kh2 gxf5 33. gxf5 Nxd5 34. Rd1 Na3 35. Bf3 Ne3 36. Bb7 a5 37. Re1 Nac2 38. Re2 b4 39. Be4 b3 0-1

[Event "FRA-chT Poule Basse"]
[Site "Asnieres sur Seine"]
[Date "2006.05.05"]
[Round "9.7"]
[White "Taddei, Benoit"]
[Black "Parmentier, Xavier"]
[Result "1/2-1/2"]
[WhiteElo "2266"]
[BlackElo "2299"]
[PlyCount "62"]
[EventDate "2006.05.03"]
[EventType "team-tourn"]
[EventRounds "4"]
[EventCountry "FRA"]
[SourceTitle "EXT 2007"]
[Source "ChessBase"]
[SourceDate "2006.11.23"]
[SourceVersion "1"]
[SourceVersionDate "2006.11.23"]
[SourceQuality "1"]
[WhiteTeam "Nancy"]
[BlackTeam "Creteil"]
[WhiteTeamCountry "FRA"]
[BlackTeamCountry "FRA"]

1. e4 e5 2. f4 exf4 3. Nf3 Ne7 4. d4 d5 5. Bd3 dxe4 6. Bxe4 Nd5 7. 0-0 Be7 8. Nc3 Ne3 9. Bxe3 fxe3 10. Ne5 Bf6 11. Nd5 Bxe5 12. dxe5 Be6 13. Qf3 e2 14. Rf2 Nc6 15. Nf4 0-0 16. Qxe2 Qg5 17. Bxc6 bxc6 18. Nxe6 fxe6 19. Raf1 Rxf2 20. Qxf2 h6 21. Qf7+ Kh7 22. Qxe6 Qe3+ 23. Kh1 Rf8 24. Qc4 Rxf1+ 25. Qxf1 Qxe5 26. b3 Qe4 27. Qd1 Kg6 28. h3 c5 29. Qd7 Qe1+ 30. Kh2 Qe5+ 31. Kh1 Qe1+ 1/2-1/2

[Event "Banyoles op 8th"]
[Site "Banyoles"]
[Date "2005.08.19"]
[Round "3"]
[White "Parmentier, Xavier"]
[Black "Fluvia Poyatos, Joan"]
[Result "0-1"]
[WhiteElo "2283"]
[BlackElo "2458"]
[PlyCount "74"]
[EventDate "2005.08.17"]
[EventType "swiss"]
[EventRounds "9"]
[EventCountry "ESP"]
[SourceTitle "CBM 108 Extra"]
[Source "ChessBase"]
[SourceDate "2005.11.04"]
[SourceVersion "1"]
[SourceVersionDate "2005.11.04"]
[SourceQuality "1"]

1. d4 Nf6 2. c4 e6 3. g3 d5 4. Nf3 Be7 5. Bg2 0-0 6. 0-0 dxc4 7. Qc2 a6 8. Qxc4 b5 9. Qc2 Bb7 10. Bd2 Be4 11. Qc1 Nc6 12. e3 b4 13. Qc4 Na5 14. Qe2 c5 15. Rc1 cxd4 16. Nxd4 Qd5 17. f3 Bg6 18. a3 Nb3 19. Nxb3 bxa3 20. Nxa3 Qxb3 21. Bc3 Nd5 22. e4 Nxc3 23. Rxc3 Qb4 24. Rac1 Bf6 25. e5 Qd4+ 26. Re3 Bxe5 27. f4 Qxb2 28. Rd1 Qxe2 29. Rxe2 Bh5 30. Rxe5 Bxd1 31. Bxa8 Rxa8 32. Ra5 Kf8 33. Kf2 Bb3 34. Ke3 Ke7 35. Kd4 Kd6 36. Nb5+ Kc6 37. Ke5 f6+ 0-1

[Event "FRA-chT N1"]
[Site "France"]
[Date "2005.05.06"]
[Round "9.2"]
[White "Inkiov, Ventzislav"]
[Black "Parmentier, Xavier"]
[Result "1-0"]
[WhiteElo "2474"]
[BlackElo "2319"]
[PlyCount "61"]
[EventDate "2005.05.05"]
[EventType "team"]
[EventRounds "11"]
[EventCountry "FRA"]
[SourceTitle "EXT 2006"]
[Source "ChessBase"]
[SourceDate "2005.11.24"]
[SourceVersion "1"]
[SourceVersionDate "2005.11.24"]
[SourceQuality "1"]

1. e4 c5 2. Nf3 Nc6 3. d4 cxd4 4. Nxd4 Qc7 5. Nc3 e6 6. a3 a6 7. Nb3 b5 8. Bd3 Nf6 9. 0-0 Bb7 10. f4 d6 11. Qf3 Be7 12. Qh3 b4 13. axb4 Nxb4 14. Be3 0-0 15. Na5 Rfb8 16. Kh1 Nxd3 17. cxd3 Bc6 18. Rfc1 Bd8 19. Nd5 exd5 20. Nxc6 Rxb2 21. Bd4 Rb5 22. e5 dxe5 23. fxe5 Ne8 24. e6 Bg5 25. Ne5 Bxc1 26. exf7+ Kf8 27. Qxh7 Ke7 28. Qg8 Nd6 29. Qxg7 Ke6 30. f8N+ Rxf8 31. Qxc7 1-0

[Event "Grenoble Masters 4th"]
[Site "Grenoble"]
[Date "2005.??.??"]
[Round "5"]
[White "Saucey, Michel"]
[Black "Parmentier, Xavier"]
[Result "1/2-1/2"]
[WhiteElo "2331"]
[BlackElo "2319"]
[PlyCount "25"]
[EventDate "2005.06.??"]
[EventType "tourn"]
[EventRounds "9"]
[EventCountry "FRA"]
[EventCategory "5"]
[SourceTitle "EXT 2006"]
[Source "ChessBase"]
[SourceDate "2005.11.24"]
[SourceVersion "1"]
[SourceVersionDate "2005.11.24"]
[SourceQuality "1"]

1. d4 Nf6 2. c4 e6 3. Nf3 b6 4. g3 Ba6 5. b3 Bb4+ 6. Bd2 Be7 7. Bg2 c6 8. 0-0 d5 9. Ne5 Nfd7 10. Nxd7 Nxd7 11. Bc3 Rc8 12. Nd2 0-0 13. e4 1/2-1/2

[Event "Grenoble Masters 4th"]
[Site "Grenoble"]
[Date "2005.??.??"]
[Round "1"]
[White "Vernay, Clovis"]
[Black "Parmentier, Xavier"]
[Result "1-0"]
[WhiteElo "2224"]
[BlackElo "2319"]
[PlyCount "79"]
[EventDate "2005.06.??"]
[EventType "tourn"]
[EventRounds "9"]
[EventCountry "FRA"]
[EventCategory "5"]
[SourceTitle "EXT 2006"]
[Source "ChessBase"]
[SourceDate "2005.11.24"]
[SourceVersion "1"]
[SourceVersionDate "2005.11.24"]
[SourceQuality "1"]

1. d4 d5 2. c4 e6 3. cxd5 exd5 4. Nc3 c6 5. Qc2 Bd6 6. Nf3 Ne7 7. e3 Bf5 8. Bd3 Bxd3 9. Qxd3 Nd7 10. Rb1 a6 11. b4 b5 12. a4 Nb6 13. 0-0 0-0 14. Ng5 Ng6 15. f4 Re8 16. a5 Nd7 17. e4 dxe4 18. Ncxe4 Nf6 19. f5 Nf8 20. Nxf6+ Qxf6 21. Nf3 Qe7 22. Bd2 Nd7 23. Bg5 Nf6 24. Rfe1 Qf8 25. Ne5 Rac8 26. Bxf6 gxf6 27. Ng4 Qg7 28. Re4 Rxe4 29. Qxe4 Kf8 30. Nf2 Qh6 31. g3 Qd2 32. Rd1 Qxb4 33. Qh4 Kg7 34. Qg4+ Kh8 35. Qh5 Rc7 36. Ng4 Bf8 37. Nxf6 h6 38. Qg4 Bg7 39. Ne8 Bxd4+ 40. Rxd4 1-0

[Event "FRA-chT2 0405"]
[Site "France"]
[Date "2004.12.05"]
[Round "4.1"]
[White "Parmentier, Xavier"]
[Black "Velikov, Petar"]
[Result "1-0"]
[WhiteElo "2319"]
[BlackElo "2442"]
[PlyCount "41"]
[EventDate "2004.10.10"]
[EventType "team"]
[EventRounds "11"]
[EventCountry "FRA"]
[SourceTitle "EXT 2006"]
[Source "ChessBase"]
[SourceDate "2005.11.24"]
[SourceVersion "1"]
[SourceVersionDate "2005.11.24"]
[SourceQuality "1"]
[WhiteTeam "Creteil  II"]
[BlackTeam "Vincennes"]
[WhiteTeamCountry "FRA"]
[BlackTeamCountry "FRA"]

1. d4 d5 2. Nf3 Nf6 3. c4 dxc4 4. e3 a6 5. Bxc4 e6 6. 0-0 c5 7. Bb3 Nc6 8. Nc3 Be7 9. dxc5 Qxd1 10. Rxd1 Bxc5 11. Bd2 Bd7 12. Ng5 Na5 13. Ba4 Be7 14. Bxd7+ Nxd7 15. Nce4 Nc6 16. Bc3 Nf6 17. Kf1 Nd5 18. Nf3 Nxc3 19. Nxc3 Bf6 20. Ne4 Ke7 21. Nxf6 1-0

[Event "FRA-chT2b 0304"]
[Site "France"]
[Date "2004.04.04"]
[Round "11"]
[White "Serafimov, Tervel"]
[Black "Parmentier, Xavier"]
[Result "1-0"]
[WhiteElo "2377"]
[BlackElo "2335"]
[PlyCount "83"]
[EventDate "2003.10.??"]
[EventType "team"]
[EventRounds "11"]
[EventCountry "FRA"]
[SourceTitle "EXT 2005"]
[Source "ChessBase"]
[SourceDate "2004.11.15"]
[SourceVersion "1"]
[SourceVersionDate "2004.11.15"]
[SourceQuality "1"]

1. c4 e6 2. g3 d5 3. Nf3 Nf6 4. Bg2 Be7 5. 0-0 0-0 6. b3 a5 7. Bb2 a4 8. Na3 Na6 9. Nc2 b6 10. cxd5 exd5 11. Ne5 axb3 12. axb3 Bb7 13. Nd4 Qc8 14. Nec6 Bc5 15. Bc3 Re8 16. b4 Bf8 17. b5 Nc5 18. d3 Qd7 19. Rxa8 Rxa8 20. Qd2 Ra4 21. Ra1 Bxc6 22. bxc6 Qe8 23. Qd1 Rxa1 24. Qxa1 Ne6 25. Nf5 Qxc6 26. Bxf6 gxf6 27. Ne3 Bg7 28. Nxd5 Qc2 29. Qa8+ Bf8 30. Nxf6+ Kg7 31. Nh5+ Kh6 32. Bf3 Bd6 33. Qa1 Be7 34. Bg4 f5 35. Bxf5 Qxe2 36. Bxe6 Kxh5 37. Bf5 Bc5 38. g4+ Kg5 39. Qg7+ Kf4 40. Qh6+ Kf3 41. Be4+ Kxg4 42. h3# 1-0

[Event "Breizh Masters-B 2nd"]
[Site "Guingamp"]
[Date "2004.02.21"]
[Round "9"]
[White "Parmentier, Xavier"]
[Black "Velikov, Petar"]
[Result "0-1"]
[WhiteElo "2335"]
[BlackElo "2447"]
[PlyCount "110"]
[EventDate "2004.02.13"]
[EventType "tourn"]
[EventRounds "9"]
[EventCountry "FRA"]
[EventCategory "4"]
[SourceTitle "CBM 098 Extra"]
[Source "ChessBase"]
[SourceDate "2004.03.10"]
[SourceVersion "2"]
[SourceVersionDate "2004.03.10"]
[SourceQuality "1"]

1. e4 c5 2. Nf3 e6 3. d4 cxd4 4. Nxd4 a6 5. Nc3 Qc7 6. Bd3 Nf6 7. 0-0 d6 8. f4 Nbd7 9. Qf3 b5 10. Kh1 Bb7 11. Bd2 Nc5 12. b4 Nxd3 13. cxd3 Be7 14. Rfc1 Qd7 15. a4 bxa4 16. Nxa4 Bd8 17. Nb3 Bc6 18. Nb2 0-0 19. Nc4 Bc7 20. Nca5 Bxa5 21. Rxa5 Rfc8 22. Qe3 Ne8 23. Bc3 Bb7 24. Rg5 f6 25. Rg3 Rc7 26. e5 Rac8 27. Qd2 Bd5 28. exd6 Qxd6 29. Nc5 Rc6 30. Ra1 Kh8 31. Qe3 Nc7 32. Qd4 Qe7 33. Bd2 Nb5 34. Qb2 Nd6 35. Re3 Nf5 36. Re2 Qd6 37. Ra5 Rb6 38. Qa1 Nd4 39. Rf2 Nb3 40. Nxb3 Bxb3 41. d4 Rd8 42. Bc3 Bd5 43. f5 exf5 44. Rxf5 Qe6 45. Rf1 Qe2 46. Rg1 Re6 47. Qb2 h6 48. Qxe2 Rxe2 49. b5 axb5 50. Rxb5 f5 51. Rb2 Rde8 52. Rxe2 Rxe2 53. Bb4 f4 54. Bd6 f3 55. h3 f2 0-1

[Event "Breizh Masters-B 2nd"]
[Site "Guingamp"]
[Date "2004.02.17"]
[Round "5"]
[White "Mullon, Jean Baptiste"]
[Black "Parmentier, Xavier"]
[Result "0-1"]
[WhiteElo "2325"]
[BlackElo "2335"]
[PlyCount "84"]
[EventDate "2004.02.13"]
[EventType "tourn"]
[EventRounds "9"]
[EventCountry "FRA"]
[EventCategory "4"]
[SourceTitle "CBM 098 Extra"]
[Source "ChessBase"]
[SourceDate "2004.03.10"]
[SourceVersion "2"]
[SourceVersionDate "2004.03.10"]
[SourceQuality "1"]

1. e4 c5 2. Nf3 Nc6 3. d4 cxd4 4. Nxd4 Qc7 5. Be2 e6 6. 0-0 Nf6 7. Nc3 a6 8. Be3 Be7 9. f4 d6 10. Kh1 0-0 11. a4 Re8 12. Nb3 b6 13. Bf3 Bb7 14. g4 Bf8 15. g5 Nd7 16. Bg2 Nb4 17. Bg1 g6 18. a5 Rab8 19. Nd4 bxa5 20. Rf3 Bg7 21. Rh3 e5 22. Nde2 exf4 23. Nxf4 Nc5 24. Nh5 gxh5 25. Qxh5 Re5 26. Qxh7+ Kf8 27. g6 Nd7 28. Rf3 Nf6 29. Qh4 Rh5 30. Qf2 Qe7 31. Rf1 Bc8 32. Nd5 Nbxd5 33. exd5 fxg6 34. c4 Rf5 35. Qd2 Rxf3 36. Bxf3 Bf5 37. c5 Ne4 38. Qxa5 Nxc5 39. b4 Nd3 40. Qxa6 Nxb4 41. Qa5 Kg8 42. Bb6 Nd3 0-1

[Event "Breizh Masters-B 2nd"]
[Site "Guingamp"]
[Date "2004.02.13"]
[Round "1"]
[White "Terrieux, Kevin"]
[Black "Parmentier, Xavier"]
[Result "1/2-1/2"]
[WhiteElo "2262"]
[BlackElo "2335"]
[PlyCount "35"]
[EventDate "2004.02.13"]
[EventType "tourn"]
[EventRounds "9"]
[EventCountry "FRA"]
[EventCategory "4"]
[SourceTitle "CBM 098 Extra"]
[Source "ChessBase"]
[SourceDate "2004.03.10"]
[SourceVersion "2"]
[SourceVersionDate "2004.03.10"]
[SourceQuality "1"]

1. e4 c5 2. Nc3 e6 3. Nf3 a6 4. d4 cxd4 5. Nxd4 b5 6. Be3 Bb7 7. a3 Qc7 8. Bd3 Nf6 9. 0-0 Nc6 10. Qe2 Ne5 11. h3 Rc8 12. f4 Nc4 13. Ndxb5 axb5 14. Nxb5 Qc6 15. Na7 Qc7 16. Nb5 Qc6 17. Na7 Qc7 18. Nb5 1/2-1/2

[Event "FRA-chT2 0304"]
[Site "France"]
[Date "2003.11.16"]
[Round "3"]
[White "Chatalbashev, Boris"]
[Black "Parmentier, Xavier"]
[Result "1/2-1/2"]
[WhiteElo "2534"]
[BlackElo "2335"]
[PlyCount "43"]
[EventDate "2003.10.??"]
[EventType "team"]
[EventRounds "11"]
[EventCountry "FRA"]
[SourceTitle "EXT 2005"]
[Source "ChessBase"]
[SourceDate "2004.11.15"]
[SourceVersion "1"]
[SourceVersionDate "2004.11.15"]
[SourceQuality "1"]
[WhiteTeam "Besancon TPG"]
[BlackTeam "Creteil"]
[WhiteTeamCountry "FRA"]
[BlackTeamCountry "FRA"]

1. d4 Nf6 2. Nf3 g6 3. Nc3 d5 4. Bf4 Bg7 5. e3 0-0 6. Be2 c6 7. h3 Nbd7 8. 0-0 Re8 9. a4 a5 10. Ra3 Ne4 11. Nxe4 dxe4 12. Nd2 e5 13. dxe5 Bxe5 14. Nc4 Bxf4 15. exf4 Qf6 16. Nd6 Re7 17. Qd2 Nc5 18. Nxc8 Rxc8 19. Qxa5 Ne6 20. Qb6 Nxf4 21. Bc4 Rd7 22. Re3 1/2-1/2

[Event "Plancoet op 3rd"]
[Site "Plancoet"]
[Date "2003.08.01"]
[Round "7"]
[White "Le Du, Michel"]
[Black "Parmentier, Xavier"]
[Result "0-1"]
[WhiteElo "2006"]
[BlackElo "2347"]
[PlyCount "48"]
[EventDate "2003.07.26"]
[EventType "swiss"]
[EventRounds "9"]
[EventCountry "FRA"]
[SourceTitle "CBM 095 Extra"]
[Source "ChessBase"]
[SourceDate "2003.09.04"]
[SourceVersion "1"]
[SourceVersionDate "2003.09.04"]
[SourceQuality "1"]

1. e4 c5 2. Nc3 Nc6 3. g3 g6 4. Bg2 Bg7 5. d3 d6 6. Be3 e5 7. Qd2 Nge7 8. f4 Nd4 9. Nd1 0-0 10. c3 Ne6 11. Nf3 exf4 12. gxf4 f5 13. 0-0 Bd7 14. Ng5 Nxg5 15. fxg5 Bc6 16. Bf4 Kh8 17. Nf2 Qd7 18. Rae1 Rae8 19. Bh3 d5 20. e5 d4 21. Ne4 dxc3 22. bxc3 Nd5 23. Nxc5 Nxf4 24. Nxd7 Nxh3# 0-1

[Event "Plancoet op 3rd"]
[Site "Plancoet"]
[Date "2003.07.30"]
[Round "5"]
[White "Parmentier, Xavier"]
[Black "Coursaget, Nicolas"]
[Result "1/2-1/2"]
[WhiteElo "2347"]
[BlackElo "2226"]
[PlyCount "29"]
[EventDate "2003.07.26"]
[EventType "swiss"]
[EventRounds "9"]
[EventCountry "FRA"]
[SourceTitle "CBM 095 Extra"]
[Source "ChessBase"]
[SourceDate "2003.09.04"]
[SourceVersion "1"]
[SourceVersionDate "2003.09.04"]
[SourceQuality "1"]

1. Nf3 d5 2. d4 Nf6 3. c4 c6 4. e3 Bf5 5. Nc3 e6 6. Nh4 Bg6 7. Qb3 Qb6 8. Nxg6 hxg6 9. g3 Nbd7 10. Bg2 Be7 11. 0-0 g5 12. c5 Qxb3 13. axb3 a6 14. b4 Rd8 15. h3 1/2-1/2

[Event "Plancoet op 3rd"]
[Site "Plancoet"]
[Date "2003.07.28"]
[Round "3"]
[White "Parmentier, Xavier"]
[Black "Genov, Petar"]
[Result "1-0"]
[WhiteElo "2347"]
[BlackElo "2501"]
[PlyCount "76"]
[EventDate "2003.07.26"]
[EventType "swiss"]
[EventRounds "9"]
[EventCountry "FRA"]
[SourceTitle "CBM 095 Extra"]
[Source "ChessBase"]
[SourceDate "2003.09.04"]
[SourceVersion "1"]
[SourceVersionDate "2003.09.04"]
[SourceQuality "1"]

1. d4 Nf6 2. c4 e6 3. g3 d5 4. Nf3 dxc4 5. Bg2 Nc6 6. Qa4 Bb4+ 7. Bd2 Nd5 8. Bxb4 Ndxb4 9. Ne5 Bd7 10. 0-0 a5 11. Nxc6 Bxc6 12. Bxc6+ Nxc6 13. Rd1 Qd6 14. Qxc4 Qb4 15. b3 0-0 16. Nc3 Rfd8 17. e3 h6 18. Rdc1 Ne7 19. a3 Qxc4 20. bxc4 Rab8 21. Rab1 Kf8 22. Rb5 b6 23. Rcb1 Nf5 24. c5 Rbc8 25. Ne2 g5 26. h3 Ke7 27. Kg2 Kf6 28. R1b2 Rd7 29. Rc2 Rb8 30. Nc3 Ne7 31. Rcb2 Rc8 32. Ne4+ Kg6 33. cxb6 cxb6 34. Rxb6 Rc4 35. Ra6 Rdc7 36. Nc5 Nf5 37. Rxa5 f6 38. Nxe6 Re7 1-0

[Event "Breizh Masters 1st"]
[Site "Guingamp"]
[Date "2003.03.06"]
[Round "7"]
[White "Mullon, Jean Baptiste"]
[Black "Parmentier, Xavier"]
[Result "1/2-1/2"]
[WhiteElo "2313"]
[BlackElo "2339"]
[PlyCount "119"]
[EventDate "2003.02.28"]
[EventType "tourn"]
[EventRounds "9"]
[EventCountry "FRA"]
[EventCategory "4"]
[SourceTitle "CBM 093 Extra"]
[Source "ChessBase"]
[SourceDate "2003.05.09"]
[SourceVersion "1"]
[SourceVersionDate "2003.05.09"]
[SourceQuality "1"]

1. e4 c5 2. Nf3 Nc6 3. d4 cxd4 4. Nxd4 g6 5. Nc3 Bg7 6. Be3 Nf6 7. Bc4 0-0 8. Bb3 d6 9. h3 Na5 10. 0-0 b6 11. f4 Bb7 12. Qd3 e5 13. Nde2 Nxb3 14. axb3 d5 15. fxe5 Nxe4 16. Rad1 Rc8 17. e6 fxe6 18. Rxf8+ Qxf8 19. Nxe4 dxe4 20. Qd7 Rxc2 21. Qxe6+ Kh8 22. Nd4 Rc7 23. Qg4 Qe7 24. Nb5 Bc8 25. Qf4 Be5 26. Rd8+ Qxd8 27. Qxe5+ Rg7 28. Bd4 Qf8 29. Nd6 Bd7 30. Nxe4 h6 31. Qc7 Bf5 32. Nd6 Kh7 33. Bxg7 Qxg7 34. Qxg7+ Kxg7 35. Nxf5+ gxf5 36. Kf2 Kf6 37. Kf3 Ke5 38. g3 a5 39. Ke3 b5 40. Kf3 Kd4 41. Kf4 a4 42. Kxf5 axb3 43. Kg6 Kd3 44. Kxh6 Kc2 45. g4 Kxb2 46. g5 Ka1 47. g6 b2 48. g7 b1Q 49. g8Q Qc1+ 50. Kh7 b4 51. h4 Qc2+ 52. Kh8 b3 53. h5 b2 54. Qa8+ Kb1 55. Qh1+ Ka2 56. Qa8+ Kb3 57. Qb7+ Kc3 58. Qc6+ Kd3 59. Qxc2+ Kxc2 60. h6 1/2-1/2